000 00661nam a2200205Ia 4500
003 GCL
008 140319s9999 xx 000 0 ara d
040 _aGCL /
_cGCL
082 0 4 _aق
_b962
_bص ف
100 1 _aصبحى وحيده
245 1 0 _aفى أصول المسألة المصرية /
_cصبحى وحيده
300 _a285
490 _aكتاب
_v0
650 0 4 _aتاريخ
650 0 4 _aمصر - تاريخ
650 0 4 _aمصر - الاحوال الاقتصادية
650 0 4 _aمصر - تاريخ - عصر المماليك ( 1250-1517 م )
650 0 4 _aمصر - تاريخ - العصر العثمانى ( 1517-1914 م )
942 _2ddc
_cBK
999 _c42466
_d42466